2026/27 Ligue 1 Team Logos - Statistics

General Stats
  • This quiz has been taken 9 times
  • The average score is 10 of 17
Answer Stats
Picture Answer % Correct
Olympique Lyonnais
100%
Paris FC
89%
Paris Saint-Germain
89%
AS Monaco FC
78%
Lille OSC
78%
Stade Rennais FC
78%
AJ Auxerre
67%
Olympique de Marseille
67%
RC Lens
67%
Toulouse FC
67%
FC Lorient
56%
RC Strasbourg Alsace
56%
Stade Brestois 29
44%
Angers SCO
33%
Le Havre AC
33%
Le Mans FC
22%
ES Troyes AC
11%
No matching quizzes found
Score Distribution
Percent of People with Each Score
Percentile by Number Answered
Your Score History
You have not taken this quiz